000 01086nam0a22002411i 4500
001 rc\1071009
005 20240723215933.0
035 _a(NLR Aleph) 006230872
090 _a6570405
_c6570405
100 _a20041129d1980 u |0rusy50 ca
101 0 _arus
102 _aRU
105 _ay |||||||||
200 1 _aИсследование документационного обеспечения комплексной системы управления качеством продукции в отрасли тяжелого и транспортного машиностроения
_e(История и соврем. состояние)
_eАвтореф. дис. на соиск. учен. степ. канд. ист. наук
_e(05.25.02)
210 _aМ.
_d1980
215 _a24 с.
300 _aВ надзаг.: Моск. гос. ист.-арх. ин-т
320 _aБиблиогр.: с. 23-24 (9 назв.)
700 1 _aЧуба
_bВ.М.
_gВиктор Моисеевич
801 0 _aRU
_bNLR
_gpsbo
801 1 _aRU
_bELAR
_2rusmarc
852 _aNLR
_j81-4/12638
942 _cBOOK